| 000 | 00588nam a2200181Ia 4500 | ||
|---|---|---|---|
| 005 | 20260130111132.0 | ||
| 008 | 231207s9999 xx 000 0 und d | ||
| 020 | _a9780684836478 | ||
| 040 | _cPK-LaNCA | ||
| 082 |
_a791.4375 _bLEB |
||
| 100 | _aLebo, Harlan | ||
| 245 | 4 | _aThe godfather legacy: The Untold Story of the Making of the Class Godfathe Trilogy featuring never-before published production stills | |
| 260 |
_bSimon & Schuster _aNew York _c1997 |
||
| 300 |
_axvii, 283p _bill |
||
| 546 | _aEnglish | ||
| 650 | _aGodfather films--History and criticism. FTV. | ||
| 942 | _cF&TV | ||
| 999 |
_c20201 _d20201 |
||